000 00352nam a2200133Ia 4500
008 231129s1972||||xx |||||||||||||| ||spa||
040 _bspa
082 _a658.85 M381e
100 _aMartin Howard J.
245 0 _aEl exito en las ventas: Guí­a práctica del vendedor
260 _c1972
264 _aMadrid España : Paraninfo
942 _2ddc
_cBKS
999 _c11051
_d11051